Os Pais das Ciências - Statistics

Estatísticas Gerais
  • Esse quiz foi jogado 74 vezes
  • A pontuação média é 6 de 14
Estatísticas das Respostas
Área Resposta % Correto
Biologia Aristóteles, Charles Darwin
84%
Filosofia Tales de Mileto, Sócrates
82%
Física Moderna Isaac Newton
79%
Astronomia Galileu Galilei, Nicolau Copérnico
75%
Matemática Pitágoras
62%
Aviação Santos Dumont
62%
Computação Alan Turing, John von Neumann
49%
Economia Adam Smith
33%
Ciência Política Nicolau Maquiavel
28%
Medicina Hipócrates de Cós
26%
Química Antoine Lavoisier
25%
Engenharia Arquimedes
7%
Geografia Eratóstenes
5%
Geologia James Hutton
2%
Nenhum quiz correspondente encontrado
Distribuição das Pontuações
Porcentagem de Pessoas com Cada Pontuação
Percentil de Números Respondidos
Sua Pontuação Histórica
Você não jogou esse quiz